|
|
|
|
| LEADER |
01797nam a2200325 a 4500 |
| 001 |
13309926 |
| 003 |
BD-DhAAL |
| 008 |
100510s2002 bg b 100 0 eng d |
| 010 |
|
|
|a \\2003307932
|
| 020 |
|
|
|a 98481261603
|
| 040 |
|
|
|a DLC
|c DLC
|d BD-DhAAL
|
| 082 |
0 |
0 |
|a 333.7/095492
|2 21
|
| 111 |
2 |
|
|a Dhaka Meet on Sustainable Development in Bangladesh: Achievements, Opportunities, and Challenges at Rio+10
|d (2002 :
|c Dhaka, Bangladesh)
|9 56480
|
| 245 |
1 |
0 |
|a Bangladesh, citizens' perspectives on sustainable development :
|b key messages arising from deliberations of the Dhaka Meet on Sustainable Development in Bangladesh: Achievements, Opportunities, and Challenges at Rio+10, 15-18 March 2002 /
|c edited by Qazi Kholiquzzaman Ahmad, Ahsan Uddin Ahmed.
|
| 260 |
|
|
|a Dhaka :
|b Bangladesh Unnayan Parishad,
|c 2002.
|
| 300 |
|
|
|a xxv, 180 p. ;
|c 22 cm.
|
| 504 |
|
|
|a Includes bibliographical references (p. [170]-175).
|
| 541 |
1 |
|
|e 00020146
|
| 650 |
|
0 |
|a Sustainable development
|z Bangladesh.
|
| 650 |
|
0 |
|a Economic development
|x Environmental aspects
|z Bangladesh.
|
| 650 |
|
0 |
|a Sustainable development
|z South Asia.
|9 56481
|
| 650 |
|
0 |
|a Economic development
|x Environmental aspects
|z South Asia.
|9 56482
|
| 700 |
1 |
|
|a Ahmad, Qazi Kholiquzzaman,
|d 1943-
|
| 700 |
1 |
|
|a Ahmed, Ahsan Uddin.
|9 56483
|
| 710 |
2 |
|
|a Bangladesh Unnayan Parishad.
|
| 852 |
4 |
|
|a Ayesha Abed Library
|j General Shelf
|
| 942 |
|
|
|2 ddc
|c BK
|
| 999 |
|
|
|c 8470
|d 8470
|
| 952 |
|
|
|0 0
|1 0
|2 ddc
|4 0
|6 333_709549200000000_BAN_2002
|7 0
|9 9974
|a IGS
|b IGS
|c GEN
|d 2010-05-10
|l 1
|m 3
|o 333.7095492 BAN
|p 3010020146
|r 2014-06-09
|s 2012-12-31
|t 1
|w 2010-05-10
|y BK
|
| 952 |
|
|
|0 0
|1 0
|2 ddc
|4 0
|6 333_709549200000000_BAN
|7 0
|9 75599
|a BRACUL
|b BRACUL
|c GEN
|d 2024-06-04
|e BRAC University
|g 300.00
|l 0
|o 333.7095492 BAN
|p 3010017013
|r 2024-06-04
|t 2
|v 300.00
|w 2024-06-04
|y BK
|x BRAC University
|